000 00436nam a2200157Ia 4500
999 _c362
_d362
020 _a0-85527-344-5
082 _a300.1 HIN-;
100 _aHindess, Barry
245 0 _aPhilosophy and methodology in the Social science
260 _aUnited Kingdom
_bHarvester Press
_c1977
300 _a258p.
504 _aIncludes index, bibliography
650 _aSocial sciences - Philosophy
650 _aSocial sciences - Methodology
942 _cBK